Championnats du monde 2024 de cyclisme H - Statistiques

Statistiques générales
  • Ce quiz a été pris 116 fois
  • Le résultat moyen est 9 sur 20
Statistiques - réponses
Place Réponse Nationalitée % Correct
1er Tadej Pogacar SLO
99%
3ème Mathieu van der Poel NED
92%
5ème Remco Evenepoel BEL
86%
2ème Ben O'Connor AUS
83%
7ème Ben Healy IRL
73%
10ème Romain Bardet FRA
69%
8ème Enric Mas ESP
65%
4ème Tom Skujins LAT
61%
6ème Mark Hirschi SUI
60%
13ème Mads Pedersen DEN
53%
9ème Quinn Simmons USA
39%
17ème Brandon McNulty USA
35%
20ème Mathias Vacek CZE
32%
12ème Bauke Mollema NED
28%
18ème Jay Hindley AUS
24%
11ème Roger Adria ESP
19%
15ème Georg Zimmermann GER
6%
16ème Oscar Onley SCT
6%
19ème Kevin Vermaerke USA
4%
14ème Markus Hoelgaard NOR
4%
Aucun quiz correspondant
Distribution des résultats
% des personnes avec chaque résultat
Percentile par nombre de réponses
Votre historique - résultats
Vous n’avez pas pris ce quiz